00533nam a22001697a 450000500170000001000130001702000260003003500120005603700160006808200080008410000320009224500650012424600410018926000530023027000580028330000220034120221006112322.0 aUR-11733 a9789391238926c300.00 aU-10288 bDBAD/PUBa- a841 aذو ا لفقار نقوی aدشت و حشت /cذو ا لفقار نقویhا ر د و aDasht-E-Wahshat /bby Zulfiqar Naqvi aNew DelhibEducational Publishing Housec2021 ء aH.O. D1/16, Ansari Road, DaryaganjbNew Delhie110002 a200 صc22cm(pbk)